000 00381nam a2200145Ia 4500
008 230917s9999||||xx |||||||||||||| ||und||
040 _e183581
_aMAIN
041 _aEnglish
082 _a658.8 B268R
100 _aBaron, Steve
245 0 _aRelationship marketing: A consumer experience approach
260 _aLondon
_bSage Publications
_c2010
300 _a202 p.
942 _cBK
999 _c162924
_d162924